Racket Sports - Statistics

General Stats
  • This quiz has been taken 45 times
    28 since last reset
  • The average score is 5 of 15
Answer Stats
Answer % Correct
Badminton
96%
Tennis
96%
Squash
83%
Pickleball
75%
Table Tennis
67%
Padel
38%
Racquetball
25%
Crossminton
8%
Qianball
8%
Beach Tennis
4%
Basque Pelota
0%
Court Tennis
0%
Paleta Fronton
0%
Platform Tennis
0%
Racquets
0%
No matching quizzes found
Score Distribution
Percent of People with Each Score
Percentile by Number Answered
Your Score History
You have not taken this quiz since the last reset